| 000 | 01040cab a2200373 4500 | ||
|---|---|---|---|
| 001 | ABS48930 | ||
| 008 | 090401t1993 xxu||||| |||| 00| 0 eng d | ||
| 035 | _a(Sirsi) u69169 | ||
| 041 | _aeng | ||
| 245 | _aCentrefolio: North-east | ||
| 260 | _c1993 | ||
| 350 | _a0 | ||
| 490 |
_aCSW - The Property Week _v44(4) 22 July 1993, 33-55(4) |
||
| 650 | _aBILLINGHAM | ||
| 650 | _aDARLINGTON | ||
| 650 | _aDURHAM | ||
| 650 | _aENTERPRISE ZONES | ||
| 650 | _aGATESHEAD | ||
| 650 | _aINDUSTRIAL MARKET | ||
| 650 | _aMENTOR | ||
| 650 | _aMIDDLESBROUGH | ||
| 650 | _aNEWCASTLE UPON TYNE | ||
| 650 | _aNORTH-EAST ENGLAND | ||
| 650 | _aPROPERTY-COMMERCIAL PROPERTY-OFFICE PROPERTY-OFFICE PROPERTY MARKET | ||
| 650 | _aQUAYSIDE | ||
| 650 | _aPROPERTY-COMMERCIAL PROPERTY-RETAIL PROPERTY-RETAIL PROPERTY MARKET | ||
| 650 | _aSTOCKTON | ||
| 650 | _aSUNDERLAND | ||
| 650 | _aTEESSIDE | ||
| 650 | _aTYNE AND WEAR | ||
| 690 | _aPROPERTY-COMMERCIAL PROPERTY-COMMERCIAL PROPERTY MARKET | ||
| 942 | _n0 | ||
| 948 | _c04/03/1997 | ||
| 999 |
_c43449 _d43449 |
||